| 000 | 00854nam a2200217 i 4500 | ||
|---|---|---|---|
| 001 | 164440 | ||
| 003 | ES-MaACL | ||
| 005 | 20250809151042.0 | ||
| 008 | 991004s1887 sp |||| | spa d | ||
| 040 |
_aCCPB | B _bspa _cCCPB | B |
||
| 100 | 0 |
_aSales Ferré, Manuel. _9101880 |
|
| 245 | 1 | 0 |
_aEstudios arqueologicos é históricos / _cpor Manuel Sales Ferré. |
| 260 |
_aMadrid : _bLibrería de Victoriano Súarez, _c1887 ( _eEstab. tip. Sucesores de Rivadeneyra) |
||
| 300 |
_a205 p. ; _c19 cm. |
||
| 505 | 8 | _aContiene: Necrópolis de Carmona ; Funerales de romanos y sus creencias acerca del alma y de la otra vida ; Sarcófago visigótico de Écija ; Excursión al Aljarafe | |
| 596 | _aMarca tip. en port. | ||
| 597 | _aAntep. | ||
| 650 | 7 |
_aArqueología _2embne _99975 |
|
| 852 |
_aES-MaACL _jC-2694 _z-- Enc. hol. |
||
| 999 |
_c164440 _d164440 |
||